00164 a2200073 4500020001800000082001800018100001900036245003500055 a9781770085930 aJ 551.968VERS aVersfeld, Ruth aNatural vegetation and farming